| 000 | 005530000a22001930004500 | ||
|---|---|---|---|
| 003 | LK-CoMWRAF | ||
| 005 | 20231115102122.0 | ||
| 008 | 230817t1989 ||||| |||| 00| 0 eng d | ||
| 040 |
_aLK-CoMWRAF _dLK-CoMWRAF _eLK-CoMWRAF |
||
| 041 | _aeng | ||
| 082 |
_a291.2 _bREL |
||
| 245 | _aReligion and liberation | ||
| 260 |
_aBombay: _bInstitute of Islamic studies, _c[1989] |
||
| 300 |
_aviii, 239 p. ; 22 cm. _bIndex included |
||
| 650 | _aLIBERTY-Religious aspects | ||
| 650 | _aLIBERATION THEOLOGY | ||
| 700 |
_aEngineer,, Asghar Ali _eed. |
||
| 942 | _cBK | ||
| 999 |
_c2516 _d2516 |
||